000 00612 a2200181 4500
999 _c301
_d301
020 _a1853720453
050 0 0 _aBP64. AHM 1990
100 1 _a
_d1889-1965.
245 1 4 _aThe life of Muhammad /
_cby Harzat Mirza Bashir-ud-Din Mahmud Ahmad.
264 _aSurrey :
_b Islam International,
_c1990.
300 _axi, 224 p. :
_bill. ;
500 _aDoes not include index and bibliography
650 _a Muslims.
650 _a
_x-- Prophet,
650 _a Muslims
_x Saudi Arabia -- Biography.
942 _2lcc
_cBK
_h64
_iAHM
_k1990